Nữ tướng ngàn xưa

محفوظ في:
التفاصيل البيبلوغرافية
التنسيق: كتاب
اللغة:Undetermined
الموضوعات:
الوسوم: إضافة وسم
لا توجد وسوم, كن أول من يضع وسما على هذه التسجيلة!
Thư viện lưu trữ: Trung tâm Học liệu Trường Đại học Cần Thơ
LEADER 00370nam a2200145Ia 4500
001 CTU_102286
008 210402s9999 xx 000 0 und d
082 |a 959.7092 
082 |b N550 
245 0 |a Nữ tướng ngàn xưa 
650 |a Vietnam 
650 |x History 
904 |i M.Loan 
915 |a 900 
980 |a Trung tâm Học liệu Trường Đại học Cần Thơ